The Space Legislation of the United Kingdom /
In the only comprehensive study of its kind, this book explores the space legislation of the United Kingdom, charting the history of the early United Kingdom space program through to the Space Industry Act 2018 and subsequent Regulations. In addition to an analysis of the licensing regime and its no...
المؤلف الرئيسي:
التنسيق: كتاب الكتروني
اللغة: English
منشور في:
Leiden ; Boston :
Brill | Nijhoff,
2025.
سلاسل:
International Law E-books Online, Collection 2026.
Studies in Space Law ;
28.
الموضوعات:
الوصول للمادة أونلاين: Login to view Source
الوسوم: إضافة وسم
رقم الطلب: KZD1146.G74
| LEADER | 02443nam a22005058i 4500 | ||
|---|---|---|---|
| 001 | BRILL9789004732551 | ||
| 003 | nllekb | ||
| 005 | 20250915080723.0 | ||
| 006 | m d | ||
| 007 | cr un uuuua | ||
| 008 | 250709s2025 gw sb 001 0 eng d | ||
| 010 | |a 2025021260 | ||
| 020 | |a 9789004732551 |q (electronic book) | ||
| 020 | |z 9789004732544 |q (print) | ||
| 024 | 7 | |a 10.1163/9789004732551 |2 DOI | |
| 035 | |z (OCoLC)1518802300 | ||
| 040 | |a NL-LeKB |c NL-LeKB |e rda | ||
| 041 | |a eng | ||
| 050 | 4 | |a KZD1146.G74 | |
| 072 | 7 | |a LAW |x 002000 |2 bisacsh | |
| 072 | 7 | |a LAW |x 051000 |2 bisacsh | |
| 072 | 7 | |a LBDA |2 bicssc | |
| 082 | 0 | 4 | |a 343.4109/79 |2 23 |
| 100 | 1 | |a Simmonds, Alexander, |e author. | |
| 245 | 1 | 4 | |a The Space Legislation of the United Kingdom / |c Alexander Simmonds. |
| 264 | 1 | |a Leiden ; |a Boston : |b Brill | Nijhoff, |c 2025. | |
| 264 | 4 | |c ©2025 | |
| 300 | |a 1 online resource (350 pages) : |b illustrations. | ||
| 336 | |a text |b txt |2 rdacontent | ||
| 337 | |a computer |b c |2 rdamedia | ||
| 338 | |a online resource |2 rdacarrier | ||
| 490 | 1 | |a International Law E-books Online, Collection 2026 | |
| 490 | 1 | |a Studies in Space Law ; |v 28 | |
| 504 | |a Includes bibliographical references and index. | ||
| 520 | |a In the only comprehensive study of its kind, this book explores the space legislation of the United Kingdom, charting the history of the early United Kingdom space program through to the Space Industry Act 2018 and subsequent Regulations. In addition to an analysis of the licensing regime and its normative underpinnings, this work also presents a comparative overview of the United Kingdom's domestic space legislation in addition to aspects of telecommunications law. There is also particular focus on the novel provisions of the legislation pertaining to human occupants and the intersection with other relevant instruments and common law principles. | ||
| 546 | |a English | ||
| 588 | |a Description based on print version record. | ||
| 650 | 0 | |a Aeronautics |x Law and legislation |z Great Britain. | |
| 650 | 0 | |a Space law |z Great Britain. | |
| 776 | 0 | 8 | |i Print version: |t The Space Legislation of the United Kingdom. |d Leiden ; Boston : Brill | Nijhoff, 2025. |z 9789004732544 |w (DLC) 2025021259 |
| 830 | 0 | |a International Law E-books Online, Collection 2026. | |
| 830 | 0 | |a Studies in Space Law ; |v 28. | |
| 856 | 4 | |z DOI: |u http://dx.doi.org/10.1163/9789004732551 | |
| 942 | |2 lcc |c EBOOK | ||
| 999 | |c 61148 |d 61148 | ||
